| 000 | 01929cam a2200373 a 4500 | ||
|---|---|---|---|
| 001 | 15839310 | ||
| 003 | OSt | ||
| 005 | 20211015143616.0 | ||
| 008 | 090728s2010 njua b 001 0 eng | ||
| 010 | _a 2009028767 | ||
| 015 |
_aGBA941984 _2bnb |
||
| 016 | 7 |
_a015170030 _2Uk |
|
| 020 | _a9780470187760 (cloth) | ||
| 035 | _a(OCoLC)ocn298775854 | ||
| 038 | _akhadija | ||
| 040 |
_aDLC _cDLC _dBTCTA _dYDXCP _dTTU _dC#P _dCDX _dAGL _dUKM _dDLC |
||
| 050 | 0 | 0 |
_aTK1006 _b.K44 2010 |
| 082 | 0 | 0 |
_a621.3121 _222 _bKEY |
| 100 | 1 |
_aKeyhani, Ali, _d1942- _983247 |
|
| 245 | 1 | 0 |
_aIntegration of green and renewable energy in electric power systems / _cAli Keyhani, Mohammad N. Marwali, Min Dai. |
| 260 |
_aHoboken, N.J. : _bWiley, _cc2010. |
||
| 300 |
_axi, 313 p. : _bill. ; _c25 cm. |
||
| 504 | _aIncludes bibliographical references and index. | ||
| 505 | 0 | _aSmart grid distributed generation systems -- Inverter control voltage and current in distributed generation systems -- Parallel operation of inverters in distributed generation systems -- Power converter topologies for distributed generation systems -- Voltage and current control of a three-phase four-wire distributed generation (DG) inverter in island mode -- Power flow control of a single distributed generation unit -- Robust stability analysis of voltage and current control for distributed generation systems -- PWM rectifier control for three-phase distributed generation system -- MATLAB simulink simulation testbed. | |
| 563 | _aHardcover | ||
| 650 | 0 |
_aDistributed generation of electric power. _932079 |
|
| 650 | 0 |
_aElectric current converters. _983236 |
|
| 650 | 0 | _aRenewable energy sources. | |
| 700 | 1 |
_aMarwali, M. _983248 |
|
| 700 | 1 |
_aDai, Min. _983249 |
|
| 906 |
_a7 _bcbc _corignew _d1 _eecip _f20 _gy-gencatlg |
||
| 942 |
_2ddc _cBK |
||
| 999 |
_c32853 _d32853 |
||